| 000 | 00797nam a2200253Ia 4500 | ||
|---|---|---|---|
| 003 | OSt | ||
| 005 | 20250520074245.0 | ||
| 008 | 210324s9999||||xx |||||||||||||| ||und|| | ||
| 040 | _cSTCPL | ||
| 041 | _aENG | ||
| 041 | _hENG | ||
| 082 |
_a821.08 _bRAM-S |
||
| 100 |
_aRamachandrannair, K _qനായർ കെ രാമചന്ദ്രൻ |
||
| 245 | 0 |
_aSelected poems of kumaran asan / _cby K Ramachandrannair _hസെലെക്ടഡ് പോയംസ് ഓഫ് കുമാരൻ ആശാൻ |
|
| 260 |
_aTrivandrum : _bUniversity Of Kerala , _c1975 . |
||
| 300 |
_a152 p. _bHB |
||
| 650 | _aEnglish Poetry | ||
| 650 | _aPoems of Kumaranashan | ||
| 650 | _aSelected Poems | ||
| 650 | _aMahakavi Kumaran Asan | ||
| 942 | _cBK | ||
| 942 |
_2ddc _n0 |
||
| 942 |
_2ddc _n0 |
||
| 999 |
_c22012 _d22012 |
||